000 00748nam a2200157 a 4500
008 120416s0000 ||||||||||||||||| || u
020 _a0851989098
050 _aRA 1250 Pla
100 _aColegate, S. M
245 1 0 _aPlant associated toxins
_cedited by S. M. Colegate
246 _aagricultural, phytochemical and ecological aspects
260 _aLondon
_bCab International
_c1994
350 _a0.00
995 _aMAIN LIBRARY OPEN ACCESS
_D0.00
_e734347
_FCBU-MAIN LIBRARY (Kitwe)
_H1
_I30.90
_jRA 1250 Pla
_M1
_UAVAILABLE
_WApr 10, 2007
_y46578
_ZMain Library Open Access Collection
995 _aMAIN LIBRARY OPEN ACCESS
_D0.00
_e734348
_FCBU-MAIN LIBRARY (Kitwe)
_H2
_I30.90
_jRA 1250 Pla
_M2
_UAVAILABLE
_WApr 10, 2007
_y46596
_ZMain Library Open Access Collection
999 _c81962
_d81962